Canción para caminar sobre las aguas
Gespeichert in:
| 1. Verfasser: | |
|---|---|
| Format: | Buch |
| Sprache: | Spanisch |
| Veröffentlicht: |
Santiago
Planeta Chilena
2004
|
| Ausgabe: | 1a. ed |
| Schriftenreihe: | Autores Españoles e Iberoamericanos
|
| Schlagworte: | |
| Tags: |
Tag hinzufügen
Keine Tags, Fügen Sie den ersten Tag hinzu!
|
MARC
| LEADER | 00000nam a2200000 a 4500 | ||
|---|---|---|---|
| 001 | UCK2471 | ||
| 003 | CL-VaPUC | ||
| 008 | 050113e20040000CL |||||||||||||||||spa|d | ||
| 020 | |a 9562473430 | ||
| 082 | 0 | 4 | |a Ch863 |b RIV |2 21 |
| 100 | 0 | |a Rivera Letelier, Hernán |e author |9 490320 | |
| 245 | 1 | 0 | |a Canción para caminar sobre las aguas |
| 250 | |a 1a. ed | ||
| 300 | |a 237 p | ||
| 942 | |c BK | ||
| 945 | |d 20050113 00:00:00 |a cmena | ||
| 260 | |a Santiago |b Planeta Chilena |c 2004 | ||
| 650 | 0 | |a Novelas chilenas |9 265425 | |
| 650 | 0 | |a Literatura chilena |9 308278 | |
| 583 | |a last modification |c 20050113 00:00:00 |k Rodrigo Vera | ||
| 490 | 0 | |a Autores Españoles e Iberoamericanos | |
| 999 | |c 311987 |d 311985 | ||